000 01516nam a2200313 a 4500
005 20160802161241.0
008 140619s2005 ck abo gr 000 0 spa d
020 _a9588094925
040 _aCO-BoBLA
_cCO-BoBLA
_dCO-BoIAVH
041 0 _aspa
044 _ack
082 0 4 _a338.4791
_bC67r
110 2 _aCorporación Autónoma Regional del Valle del Cauca - CVC
245 1 0 _aRutas verdes del Valle del Cauca-Colombia :
_bturismo de naturaleza /
_cCVC ; textos María Isabel Salazar Ramírez, Mónica Hernández Corrales, Germán Parra Valencia [y otros] ; mapas Paola Andrea Gómez Caicedo.
260 _aSantiago de Cali :
_bCVC. Corporación Autónoma Regional del Valle del Cauca. Dirección de Gestión Ambiental,
_c2005.
300 _a220 páginas :
_bilustraciones a color, mapa, fotografías a color ;
_c22 x 12 cm.
504 _aIncluye referencias bibliográficas: página 217.
650 0 4 _aValle del Cauca
_zValle del Cauca (Colombia)
650 2 6 _aTurismo ecológico
_zValle del Cauca (Colombia)
650 2 6 _aEcosistemas
_zValle del Cauca (Colombia)
650 2 6 _aRecursos naturales
_zValle del Cauca (Colombia)
700 1 _aSalazar Ramírez, María Isabel
_etextos
700 1 _aHernández Corrales, Mónica
_etextos
700 1 _aParra Valencia, Germán
_etextos
700 1 _aGarcía Meneses, Liliana.
_etextos
700 1 _aTrujillo Sandoval, Martha Yadira.
_etextos
942 _2ddc
_cLIBRO
949 _an
_bn
999 _c6895
_d6895